World Capitals #13 - Statistics

General Stats
  • This quiz has been taken 13 times
  • The average score is 4 of 6
Answer Stats
Country Capital % Correct
Solomon Islands Honiara
100%
Samoa Apia
89%
Vanuatu Port Vila
78%
Palua Ngerulmud
67%
Tonga Nukuʿalofa
11%
Tuvalu Vaiaku
11%
No matching quizzes found
Score Distribution
Percent of People with Each Score
Percentile by Number Answered
Your Score History
You have not taken this quiz